| 000 | 01557nam a22002537a 4500 | ||
|---|---|---|---|
| 003 | NALT | ||
| 005 | 20251113143020.0 | ||
| 008 | 251106b th ||||| |||| 00| 0 eng d | ||
| 040 | _aNALT | ||
| 050 |
_aRA 784 _bW37K 2025 |
||
| 100 | 0 |
_aWararat Noowattana. _966912 |
|
| 245 | 1 | 0 |
_aThe knee height measurement tool prototype development, male knee height equations, and factors associated with nutrition status in Thai elderly / _cWararat Noowattana. |
| 260 |
_aNakhonpathom : _bMahidol University, _c2025. |
||
| 300 |
_a113 p. : _bill., tables, chart ; _c30 cm. |
||
| 505 | 2 | _aChapter 1 Introduction -- Chapter 2 Literature reviews -- 2.1 Demographic trends and the elderly population in Thailand -- 2.2 Theories of aging -- 2.3 Nutrition and health problems in the elderly - 2.4 Dietary recommendations for Thai elderly -- 2.5 Nutritional status in the elderly -- 2.6 Nutrition assessment in the elderly -- 2.7 Anthropometric assessment in the elderly -- 2.8 Dietary assessment in the elderly -- 2.9 Study of knee height equations for the estimation of body height -- 2.10 Knee height caliper -- Chapter 3 Materials and methods -- Chapter 4 Results -- Chapter 5 Discussion -- Chapter 6 Conclusion. | |
| 650 | 0 |
_aOlder people _xNutrition _967001 |
|
| 650 | 0 |
_aBody height _xMeasurement _xEquations _967002 |
|
| 650 | 0 |
_aKnee _xOlder people _967003 |
|
| 942 |
_2lcc _cRSH |
||
| 996 |
_ajidapa.t _bACQSTF _c2025-11-06 |
||
| 996 |
_avaree.k _bLIBSTF _c2025-11-07 |
||
| 996 |
_ajamriang.p _bCATSTF _c2025-11-12 |
||
| 999 |
_c107434 _d107434 |
||
| 998 |
_j6650 _k นางสาววารี เกตุโฉม |
||